Statistics for Biggest Cities in Morocco

Click here to take the quiz!

General Stats

  • This quiz has been taken 39 times
  • The average score is 9 of 25

Answer Stats

PopulationAnswer% Correct
577,827Rabat
100%
3,359,818Casablanca
97%
1,112,072Fez
95%
928,850Marrakesh
95%
947,952Tangier
84%
421,844Agadir
74%
632,079Meknes
58%
380,787Tetouan
42%
890,803Salé
39%
494,252Oujda
37%
308,508Safi
37%
161,726Nador
32%
431,282Kenitra
26%
192,676Beni Mellal
18%
194,394El Jadida
18%
196,196Khouribga
13%
208,612Mohammedia
11%
142,250Settat
11%
148,456Taza
11%
131,542Khemisset
8%
313,510Tamara
8%
136,634Berrechid
5%
151,373Dar Bouazza
5%
130,333Inezgane
5%
171,847Ait Melloul
3%

Score Distribution

Percentile by Number Answered

Percent of People with Each Score

Your Score History

You have not taken this quiz